Premier League 2018-2019 Top scorers - Statistics

General Stats
  • This quiz has been taken 51 times
  • The average score is 13 of 15
Answer Stats
Goals Nationality Club Player % Correct
17 England Tottenham Hotspur Harry Kane
100%
18 England Leicester City Jamie Vardy
100%
22 Egypt Liverpool Mohamed Salah
100%
22 Senegal Liverpool Sadio Mané
100%
21 Argentina Manchester City Sergio Agüero
100%
22 Gabon Arsenal Pierre-Emerick Aubameyang
98%
16 Belgium Chelsea Eden Hazard
93%
17 England Manchester City Raheem Sterling
91%
13 Mexico Wolverhampton Wanderers Raúl Jiménez
91%
13 France Arsenal Alexandre Lacazette
86%
13 Iceland Everton Gylfi Sigurðsson
86%
13 Brazil Everton Richarlison
86%
13 France Manchester United Paul Pogba
82%
14 England Bournemouth Callum Wilson
52%
13 England Brighton & Hove Albion Glenn Murray
41%
No matching quizzes found
Score Distribution
Percent of People with Each Score
Percentile by Number Answered
Your Score History
You have not taken this quiz